Práctica constitucional

Saved in:
Bibliografiske detaljer
Hovedforfatter: Cushman, Robert Eugene (Author)
Format: Bog
Sprog:spansk
Udgivet: Buenos Aires Bibliográfica Argentina 1958
Serier:Ciencias Políticas y Sociales
Fag:
Tags: Tilføj Tag
Ingen Tags, Vær først til at tagge denne postø!

MARC

LEADER 00000nam a2200000 a 4500
001 UCT9784
003 CL-VaPUC
008 970411e19580000AG |||||||||||||||||spa|d
082 0 4 |a 342.73  |b CUS  |2 21 
100 0 |a Cushman, Robert Eugene  |e author  |9 382795 
245 1 0 |a Práctica constitucional 
300 |a 415 p 
942 |c BK 
945 |d 19970411 00:00:00  |a paguirre 
260 |a Buenos Aires  |b Bibliográfica Argentina  |c 1958 
650 0 |a Derecho constitucional   |9 222588 
650 0 |a Constituciones  |9 255417 
650 0 |a Federalismo  |9 313886 
650 0 |a Derechos civiles y políticos   |9 338684 
650 0 |a Poder ejecutivo  |9 255177 
650 0 |a Poder legislativo  |9 258808 
650 0 |a Poder judicial  |9 254871 
650 0 |a Comercio  |9 255341 
650 0 |a Impuestos  |9 255450 
650 0 |a Soberanía  |9 266726 
651 0 |a Estados Unidos  |9 255178 
583 |a last modification  |c 19970411 00:00:00  |k Rodrigo Vera 
490 0 |a Ciencias Políticas y Sociales 
999 |c 258163  |d 258161 
952 |0 0  |1 0  |4 0  |6 342_730000000000000_CUS_1958  |7 0  |8 A  |9 282013  |a BIBDER  |b BIBDER  |d 2019-11-19  |i 1830120  |o 342.73 CUS 1958  |p 1830120  |r 2023-01-25  |w 2019-11-19  |y BK  |k DER